Δημοσθένους λόγοι
Αποθηκεύτηκε σε:
| Κύριος συγγραφέας: | |
|---|---|
| Άλλοι συγγραφείς: | |
| Μορφή: | Βιβλίο |
| Γλώσσα: | Greek Ancient Greek |
| Δημοσίευση: |
[χ.τ.] :
Ελληνικός Εκδοτικός Οργανισμός,
[19--;]
|
| Σειρά: | Βιβλιοθήκη των Ελλήνων ;
; 138-140, 164-166 |
| Θέματα: | |
| Ετικέτες: |
Προσθήκη ετικέτας
Δεν υπάρχουν, Καταχωρήστε ετικέτα πρώτοι!
|
MARC
| LEADER | 00000cam a2200000 i 4500 | ||
|---|---|---|---|
| 001 | 1/24591 | ||
| 008 | 060217q19701980 gre d | ||
| 035 | |l 10082705 | ||
| 040 | |a GR-MY-UA |b gre |e aacr | ||
| 041 | 1 | |a gre |h grc | |
| 082 | 0 | |a 885.3 |2 (22) | |
| 100 | 0 | |a Δημοσθένης, |d 384-322. | |
| 245 | 1 | 0 | |a Δημοσθένους λόγοι / |c Δημοσθένης ; εισαγωγή - μετάφρασις - σχόλια Κ. Ν. Παπανικολάου |
| 260 | |a [χ.τ.] : |b Ελληνικός Εκδοτικός Οργανισμός, |c [19--;] | ||
| 300 | |a 6 τ.; |c 21 εκ. | ||
| 490 | 1 | |a Βιβλιοθήκη των Ελλήνων |v ; 138-140, 164-166 | |
| 500 | |a Στο τέλος του τόμου περιέχεται το πρωτότυπο κείμενο | ||
| 600 | 0 | 7 | |2 nlgaf |a Δημοσθένης, |d 384-322. |
| 650 | 0 | 0 | |a Rhetoric, Ancient. |
| 650 | 0 | 0 | |a Greek literature, Hellenistic. |
| 700 | 1 | |a Παπανικολάου, Κωνσταντίνος Ν. |4 trl | |
| 830 | 0 | |a Βιβλιοθήκη των Ελλήνων ; |v ; 138-140, 164-166 | |
| 852 | |a INST |b RHODES |c KRI |e 20060217 |h 885.3 ΔΗΜ |p 005400021295 |q 005400021295 |t BK |v τ.1: |y 0 |z τ.1 | ||
| 852 | |a INST |b RHODES |c KRI |e 20060217 |h 885.3 ΔΗΜ |p 005400021296 |q 005400021296 |t BK |v τ.2: |y 0 |z τ.2 | ||
| 852 | |a INST |b RHODES |c KRI |e 20060217 |h 885.3 ΔΗΜ |p 005400021297 |q 005400021297 |t BK |v τ.3: |y 0 |z τ.3 | ||
| 852 | |a INST |b RHODES |c KRI |e 20060301 |h 885.3 ΔΗΜ |p 005400021321 |q 005400021321 |t BK |v τ.4: |y 0 |z τ.4 | ||
| 852 | |a INST |b RHODES |c KRI |e 20060301 |h 885.3 ΔΗΜ |p 005400021322 |q 005400021322 |t BK |v τ.5: |y 0 |z τ.5 | ||
| 852 | |a INST |b RHODES |c KRI |e 20060301 |h 885.3 ΔΗΜ |p 005400021323 |q 005400021323 |t BK |v τ.6: |y 0 |z τ.6 | ||
| 853 | |a INST |b RHODES |c KRI |h 885.3 ΔΗΜ | ||
| 901 | |a BIBL4-2006-1 | ||
| 909 | |a Ρ |b 123269 | ||
| 909 | |a Ρ |b 123270 | ||
| 909 | |a Ρ |b 123295 | ||
| 909 | |a Ρ |b 123296 | ||
| 909 | |a Ρ |b 123271 | ||
| 909 | |a Ρ |b 123297 | ||
| 970 | |a ΚΟΖΑ |b ΜΑΡΙΑ |z 2006/02/17 | ||